000 01608nam a2200289 4500
005 20240426093942.0
008 240119n dk |||||r|||| 00| f fre d
040 _aCO-BoUCM
_bspa
_cSandra Yazo
_dSandra Yazo
041 0 _afre
082 0 4 _220
_a839
092 _aE52N145
100 1 _aMichaelis, Karin,‏
_d1872-1950‏
_9179803
242 0 3 _aLa edad peligrosa.
_bNovela
_cKarina Michaëlis ... introducción de Marcel Prévost
_yspa
245 1 3 _aL’ Age dangereux.
_bRoman.
_cKarin Michaëlis ... introduction de Marcel Prévost…
260 _aParís (Francia)
_bLibrairie Alphonse Lemerre [Librería Alfonso Lemerre]
_c [fecha desconocida]
300 _a261 páginas
_c18 x 11 cm.
500 _aDetalles físicos: Sin encuadernación original, actualmente encuadernación rígida (holandesa) en cartón forrado en papel jaspeado. Lomo de tela, con letras y líneas en dorado. Guardas. Hoja de cortesía. Anteportada. Portada impresa en una sola tinta, con marca tipográfica del editor. Texto impreso en una sola columna, con diferentes tipos y tamaños de letra. Mayúsculas capitales. Índice. Papel manchado por oxidación en bordes. Residuos de cinta pegante en lomo
505 0 _aIntroducción ; Parte 1 - 3: Otoño ; Invierno ; Primavera
506 _aConsulta en sala
546 _aTexto en francés
650 7 _920486
_aNovela danesa
_xSiglos XIX - XX
650 7 _918638
_aLiteratura danesa
653 _aEscritoras danesas
690 _aLiteratura europea
_926524
700 1 _a Prévost, Marcel,
_c1862-1941
_eprólogo
_9126291
942 _2LOCAL
_cLIBRO
_e1
_hE52N145
999 _c323801
_d323801